Geography Quiz

Random Geography or City Quiz

New York City Subway: The Bronx Quiz Stats

 Plays Quiz not verified by Sporcle

Support Sporcle.
Go Orange.
Score 0/68 Timer 20:00
0 Plays Today
Station % Correct
161 St - Yankee Stadium (B,D,4)
89.3%
Pelham Parkway (2,5)
89.3%
Pelham Parkway (5)
89.3%
Fordham Rd (B,D)
85.7%
Fordham Rd (4)
85.7%
149 St - Grand Concourse (2,4,5)
75%
Kigsbridge Rd (4)
75%
Kingsbridge Rd (B,D)
75%
Wakefield - 241 St (2)
75%
Tremont Av (B,D)
71.4%
Morrison Av - Soundview (6)
71.4%
174-175 Sts (B,D)
71.4%
Eastchester - Dyre Av (5)
71.4%
138 St - Grand Concourse (4,5)
71.4%
Woodlawn (4)
67.9%
174 St (2,5)
67.9%
Bedford Park Blvd - Lehman College (4)
67.9%
Allerton Av (2,5)
67.9%
182-183 Sts (B,D)
67.9%
3 Av - 149 St (2,5)
64.3%
167 St (B,D)
64.3%
167 St (4)
64.3%
3 Av - 138 St (6)
64.3%
Bedford Park Blvd (B,D)
64.3%
183 St (4)
64.3%
Intervale Av (2,5)
64.3%
Parkchester (6)
60.7%
Gun Hill Rd (2,5)
60.7%
Pelham Bay Park (6)
60.7%
Van Cortlandt Park - 242 St (1)
60.7%
Gun Hill Rd (5)
60.7%
Hunts Point Av (6)
57.1%
Simpson St (2,5)
57.1%
Norwood - 205 St (D)
57.1%
Station % Correct
170 St (B,D)
57.1%
238 St (1)
57.1%
Mosholu Parkway (4)
53.6%
231 St (1)
53.6%
Westchester Sq-East Tremont Av (6)
53.6%
Mt Eden Av (4)
53.6%
233 St (2,5)
53.6%
Freeman St (2,5)
53.6%
225 St (2,5)
53.6%
Cypress Av (6)
53.6%
Nereid Av (2,5)
53.6%
219 St (2,5)
53.6%
Whitlock Av (6)
53.6%
West Farms Sq - East Tremont Av (2,5)
50%
Brook Av (6)
50%
Castle Hill Av (6)
50%
Burke Av (2,5)
50%
Bronx Park East (2,5)
50%
Morris Park (5)
50%
Buhre Av (6)
50%
Zerega Av (6)
50%
East 143 St - St Mary's St (6)
50%
Burnside Av (4)
46.4%
East 180 St (2,5)
46.4%
Elder Av (6)
46.4%
Jackson Av (2,5)
46.4%
East 149 St (6)
46.4%
St Lawrence Av (6)
46.4%
Prospect Av (2,5)
42.9%
Baychester Av (5)
42.9%
Middletown Rd (6)
42.9%
Longwood Av (6)
39.3%
176 St (4)
32.1%
170 St (4)
14.3%

You're not logged in!

Compare scores with friends on all Sporcle quizzes.
OR
Log In

From the Vault

Find the Cartoon Bears

by kfastic

We can't bear animal puns.
Remove Ads.
Support Sporcle.
Get the best of Sporcle when you Go Orange. This ad-free experience offers more features, more stats, and more fun while also helping to support Sporcle. Thank you for becoming a member.

Show Comments

Extras

Top Quizzes Today


Score Distribution

Your Account Isn't Verified!

In order to create a playlist on Sporcle, you need to verify the email address you used during registration. Go to your Sporcle Settings to finish the process.

Report this User

Report this user for behavior that violates our Community Guidelines.

Details: